000 00474nam a2200193Ia 4500
003 GCL
008 140319s9999 xx 000 0 eng d
040 _aGCL /
_cGCL
082 0 4 _a843
_bN S
100 1 _aNAKAGAMI, KENJI
245 1 0 _aSUR LES AILES DU SOLEIL /
_cNAKAGAMI, KENJI
260 _a[S.N] :
_bFAYARD ،
_c1984
300 _a386 P
650 0 4 _aLITERATURE
650 0 4 _aFICTION
650 0 4 _aFRENCH FICTION
650 0 4 _aFRENCH LITERATURE
942 _2ddc
_cBK
999 _c24846
_d24846